| 000 | 00527nam a22001817a 4500 | ||
|---|---|---|---|
| 003 | CEME | ||
| 005 | 20210628205457.0 | ||
| 008 | 210305b xxu||||| |||| 00| 0 eng d | ||
| 020 | _a0-201-56990-6 | ||
| 040 | _c. | ||
| 082 | _a515.63 PAR'M | ||
| 100 |
_aParker, Leonard Christenson, Steven M _975724 |
||
| 245 | _aMathtensora system for doing tensor analysis by computer | ||
| 260 |
_aNEWYORK _bADDISON WESLEY _c1994 |
||
| 300 | _a379P | ||
| 650 |
_aMATHTENSOR CALCULUS OF TENSOR-DATA PROCESSING _975725 |
||
| 942 |
_cBK _2ddc |
||
| 999 |
_c581119 _d581119 |
||